| 000 | 00545cab a2200193 4500 | ||
|---|---|---|---|
| 001 | X1801 | ||
| 008 | 090401t1995 xxu||||| |||| 00| 0 eng d | ||
| 035 | _a(Sirsi) u19409 | ||
| 041 | _aeng | ||
| 245 | _aRICS and ISVA councils agree to introduction of metric in 1995 | ||
| 260 | _c1995 | ||
| 350 | _a0 | ||
| 490 |
_aCSM (Chartered Surveyor Monthly) _v4(3) January 1995, 6(1) |
||
| 650 |
_aMeasurement _96256 |
||
| 650 | _aMETRICATION | ||
| 690 | _aMANAGEMENT-BUSINESS MANAGEMENT-PROFESSIONAL PRACTICE | ||
| 942 | _n0 | ||
| 948 | _c04/03/1997 | ||
| 999 |
_c12953 _d12953 |
||